[Event "Copenhagen CC 2017"]
[Site "Ballerup DEN"]
[Date "2017.05.10"]
[Round "1.11"]
[White "Andersen,Ki"]
[Black "Pfreundt,Jakob"]
[Result "0-1"]
[WhiteElo "2011"]
[BlackElo "2388"]

1.d4 d5 2.c4 e6 3.Nc3 Nf6 4.cxd5 Nxd5 5.Nf3 c5 6.e4 Nxc3 7.bxc3 cxd4 8.cxd4
Bb4+ 9.Bd2 Bxd2+ 10.Qxd2 O-O 11.Bd3 Nc6 12.e5 Qa5 13.Be4 Bd7 14.Rc1 Rac8
15.Bxc6 Qxd2+ 16.Kxd2 Bxc6 17.Rc3 Bxf3 18.Rxf3 Rc4 19.Rd3 Rfc8 20.Rb1 Rc2+
21.Ke3 b6 22.Rd2 R8c3+ 23.Ke2 Rc4 24.Rd1 Kf8 25.Kd3 R2c3+ 26.Ke4 Ke7 27.Rd3
Rc2 28.R1d2 Rxd2 29.Rxd2 Kd7 30.f4 b5 31.f5 a5 32.fxe6+ Kxe6 33.g4 b4 34.g5 a4
35.Rb2 b3 36.axb3 Rb4 37.h4 axb3 38.h5 h6 39.gxh6 gxh6 40.Kd3 Kd5 41.Kc3 Rb8
42.Kd3 Rg8 43.Rf2 Rb8 44.Rb2 Rb4 45.Kc3 Rxd4 46.Rxb3 Kxe5 47.Rb7 Rf4 48.Kd3
Kf6 49.Ke3 Kg5 50.Rb8 Rf6 51.Rb1 Kxh5 52.Rh1+ Kg4 53.Rg1+ Kf5 54.Rh1 Kg6
55.Rg1+ Kh7 56.Rh1 Rf5 57.Ke4 Rg5 58.Kf4 Kg6 59.Ra1 h5 60.Ra8 Rg4+ 61.Kf3 Rb4
62.Rg8+ Kf5 63.Rh8 Rb3+ 64.Kg2 Kg6 65.Rg8+ Kh7 66.Rg5 Kh6 67.Rg8 f6 68.Rh8+
Kg5 69.Rg8+ Kf4 70.Rh8 Rb2+ 71.Kh3 Re2 72.Rxh5 f5 73.Rh8 Kf3 74.Rf8 f4 75.Kh4
Re1 76.Rf7 Rh1+ 77.Kg5 Rg1+ 78.Kh4 Rg8 79.Rf6 Rh8+ 80.Kg5 Kg3 81.Rf7 f3 {#R}
0-1

[Event "16th Asian Continental w"]
[Site "Chengdu CHN"]
[Date "2017.05.12"]
[Round "1.18"]
[White "Owezdurdiyeva,J"]
[Black "Pratyusha,B"]
[Result "0-1"]
[WhiteElo "2016"]
[BlackElo "2269"]

1.d4 Nf6 2.c4 e6 3.Nc3 Bb4 4.e3 O-O 5.Ne2 Re8 6.a3 Bf8 7.Ng3 d5 8.Be2 dxc4
9.O-O b6 10.Bxc4 Bb7 11.e4 c5 12.d5 exd5 13.exd5 a6 14.a4 Nbd7 15.b3 Bd6
16.Nf5 Be5 17.Bb2 g6 18.Ng3 Qc7 19.Qc2 Rad8 20.Rad1 Nf8 21.Rfe1 Qb8 22.Rxe5
Rxe5 23.Nce4 Nxe4 24.Nxe4 Nd7 25.f4 Rxe4 26.Qxe4 Re8 27.Qf3 Qd6 28.Qc3 f6
29.Re1 Rxe1+ 30.Qxe1 Nf8 31.Qe8 Bxd5 32.Bxd5+ Qxd5 33.Bxf6 Qxb3 34.Qd8 Qe3+
35.Kf1 Qxf4+ 36.Ke1 Qe4+ 37.Kf2 b5 38.axb5 axb5 39.g4 Qf4+ 40.Ke1 Qe3+ 41.Kf1
c4 42.Kg2 Qe4+ 43.Kf2 Qf4+ 44.Ke1 Qe3+ 45.Kd1 Qd3+ 46.Qxd3 cxd3 47.Kd2 Kf7
48.Bb2 Ke6 49.Kxd3 Kd5 50.Ke3 Ne6 51.h4 b4 52.h5 Nc5 53.hxg6 hxg6 54.Bg7 Kc4
55.Bh8 Kd5 56.Ba1 g5 57.Bf6 b3 58.Bg7 Na4 59.Kd3 b2 60.Kc2 Ke4 61.Bf6 Kf4 {#R}
0-1

[Event "47th Bosna Open 2017"]
[Site "Sarajevo BIH"]
[Date "2017.05.13"]
[Round "1.8"]
[White "Rozic,Slaven"]
[Black "Nestorovic,N"]
[Result "0-1"]
[WhiteElo "2033"]
[BlackElo "2506"]

1.d4 Nf6 2.c4 e6 3.Nc3 Bb4 4.e3 O-O 5.Ne2 Re8 6.a3 Bf8 7.g3 d5 8.cxd5 exd5
9.Bg2 a5 10.O-O c6 11.Bd2 Bf5 12.Na4 Nbd7 13.b4 axb4 14.Bxb4 Be4 15.Nec3 Bxg2
16.Kxg2 b5 17.Bxf8 Kxf8 18.Nb2 Qe7 19.a4 b4 20.Nb1 Qe4+ 21.Kg1 h5 22.Nd2 Qf5
23.h4 c5 24.dxc5 Ne5 25.Kg2 Ne4 26.Nxe4 dxe4 27.Qe2 Nf3 28.Rh1 Rad8 29.Rad1
Qg4 30.Qc2 Ne5 31.c6 Qf3+ 32.Kh3 g5 33.hxg5 h4 34.Rhg1 Qg4+ 35.Kg2 h3+ 36.Kh2
Nf3+ 37.Kh1 Nxg1 38.Rxg1 b3 39.Qc5+ Kg8 40.Nd1 Rxd1 {#R} 0-1

[Event "16th Asian Continental w"]
[Site "Chengdu CHN"]
[Date "2017.05.12"]
[Round "1.14"]
[White "Hu,Yu A."]
[Black "Xiao,Yiyi"]
[Result "0-1"]
[WhiteElo "2043"]
[BlackElo "2287"]

1.e4 e5 2.Nf3 Nc6 3.Bb5 Nf6 4.d3 Bc5 5.c3 O-O 6.O-O d6 7.Nbd2 a6 8.Ba4 Ba7
9.Re1 Ne7 10.h3 Ng6 11.d4 b5 12.Bc2 Bb7 13.Nf1 d5 14.Bg5 h6 15.Bxf6 Qxf6
16.Ng3 Rad8 17.exd5 exd4 18.Ne4 Qb6 19.Qxd4 Qxd4 20.Nxd4 Bxd5 21.Nf5 Bxe4
22.Bxe4 Rd2 23.Ne3 Rxb2 24.a4 b4 25.cxb4 Rxb4 26.Nc2 Rc4 27.a5 Nf4 28.Ra2 g6
29.Bb7 Nd3 30.Rf1 Nc5 31.Bd5 Rf4 32.Ne3 Nd3 33.Bf3 c5 34.Nd5 Rd4 35.Ne7+ Kg7
36.Nc6 Rd7 37.Be2 c4 38.Nxa7 Rxa7 39.Rc2 Re7 40.Rd1 Rd8 41.Kf1 Rd4 42.Rcd2
Red7 43.f3 f5 44.Bxd3 cxd3 45.g3 g5 46.Rb1 R4d5 47.Rb3 Kf6 48.f4 R7d6 49.Kf2
Rd4 50.Ke3 gxf4+ 51.gxf4 Ke6 52.Rb6 Rd5 53.Rb3 Rxa5 54.Rdxd3 Rxd3+ 55.Rxd3 Rc5
56.Kf3 a5 57.Rd4 Rd5 58.Rc4 Kd6 59.Kg3 Rc5 60.Rd4+ Kc6 61.Kh4 Kb5 62.Kh5 Rc6
63.Rd5+ Kb4 64.Rxf5 a4 65.Rf8 Ra6 66.Rb8+ Kc3 67.Re8 Kd4 68.Re1 a3 69.Rf1 a2
70.f5 Ke5 {#R} 0-1

[Event "TCh-BLR 2017"]
[Site "Minsk BLR"]
[Date "2017.05.12"]
[Round "5.1"]
[White "Fiadosenka,Rahneda"]
[Black "Kovalev,Vl"]
[Result "0-1"]
[WhiteElo "2045"]
[BlackElo "2629"]

1.Nf3 c5 2.g3 g6 3.Bg2 Bg7 4.O-O Nc6 5.d3 d5 6.Nc3 Nf6 7.e4 dxe4 8.dxe4 O-O
9.Be3 Qa5 10.h3 Rd8 11.Qe2 Nd4 12.Bxd4 cxd4 13.Qb5 Qc7 14.Nd5 Nxd5 15.exd5 Bf5
16.Rfd1 Be4 17.Nxd4 Rxd5 18.Qa4 Bxg2 19.Kxg2 Rad8 20.c3 b5 21.Qb3 Qb7 22.Kh2
e5 23.Nf3 Rd3 24.Nh4 Qb6 25.Kg2 Rd2 26.Rf1 Bf6 27.Nf3 Qc6 28.Rad1 R8d3 29.Rxd2
Qxf3+ 30.Kg1 Rxd2 {#R} 0-1

[Event "16th Asian Continental w"]
[Site "Chengdu CHN"]
[Date "2017.05.14"]
[Round "3.6"]
[White "Du,Yuxin"]
[Black "Soumya,Sw"]
[Result "0-1"]
[WhiteElo "2046"]
[BlackElo "2359"]

1.e4 c5 2.Nf3 e6 3.g3 Nc6 4.Bg2 Nf6 5.Qe2 e5 6.O-O Be7 7.c3 O-O 8.Rd1 Re8 9.d4
cxd4 10.cxd4 exd4 11.Nxd4 Nxd4 12.Rxd4 Bc5 13.Rd1 d5 14.Qb5 b6 15.Bg5 Bd7
16.Bxf6 Bxf2+ 17.Kh1 Bxb5 18.Bxd8 Raxd8 19.Nc3 Ba6 20.exd5 f5 21.d6 Bc5 22.d7
Re7 23.Bc6 Rexd7 24.Rxd7 Rxd7 25.b4 Bf2 26.Ne4 Bd4 27.Bxd7 Bxa1 28.Bxf5 Bc4
29.a4 Bd5 30.Kg1 g6 {#R} 0-1

[Event "TCh-BLR 2017"]
[Site "Minsk BLR"]
[Date "2017.05.12"]
[Round "5.1"]
[White "Khrapko,Marharyta"]
[Black "Teterev,V"]
[Result "0-1"]
[WhiteElo "2050"]
[BlackElo "2487"]

1.e4 c5 2.Nf3 e6 3.d4 cxd4 4.Nxd4 Nc6 5.Nc3 Qc7 6.Be2 a6 7.O-O Nf6 8.Be3 Be7
9.Kh1 b5 10.a3 Bb7 11.f4 d6 12.Bd3 O-O 13.Qe1 Rfe8 14.Qg3 Nd7 15.Qh3 Nf8
16.Rf2 Nxd4 17.Bxd4 e5 18.Be3 exf4 19.Bxf4 Bf6 20.Raf1 Bxc3 21.bxc3 Ng6 22.Qg3
Re6 23.h4 Rf8 24.h5 Nxf4 25.Qxf4 Qxc3 26.Qg4 Bc8 27.Qg5 Qc7 28.Qh4 h6 29.g4
Re5 30.Rf4 Be6 31.Qf2 Qc5 32.Qd2 Qxa3 33.Rf6 Bxg4 34.R6f4 Rxh5+ 35.Kg1 Qc5+
36.R1f2 Be6 {#R} 0-1

[Event "German Int Juniors 2017"]
[Site "Stroebeck GER"]
[Date "2017.05.12"]
[Round "1.2"]
[White "Nguyen,Alex Dac-Vuong"]
[Black "Donchenko,Alexa"]
[Result "0-1"]
[WhiteElo "2051"]
[BlackElo "2563"]
[EventType "k.o."]

1.e4 g6 2.d4 Bg7 3.Nc3 d6 4.f4 a6 5.a4 Nf6 6.Nf3 c5 7.d5 O-O 8.Bd3 e6 9.O-O
exd5 10.exd5 Re8 11.h3 Nbd7 12.Nd2 Nb6 13.Qf3 Qc7 14.a5 c4 15.Be4 Nbd7 16.Ra4
b5 17.axb6 Nxb6 18.Ra5 Bb7 19.Qf2 Nxe4 20.Ndxe4 Nxd5 21.Nxd5 Bxd5 22.Rxd5 Rxe4
23.Rfd1 Rae8 24.Rxd6 Bf8 25.R6d5 Re2 26.Qf3 Rxc2 27.Be3 Rxb2 28.Bd4 Rb3 29.Qg4
c3 30.Qg5 c2 31.Rc1 Rb1 32.Qf6 Rxc1+ 33.Kh2 Rh1+ 34.Kxh1 c1=Q+ 35.Kh2 Q7xf4+
{#R} 0-1

[Event "German Int Juniors 2017"]
[Site "Stroebeck GER"]
[Date "2017.05.12"]
[Round "2.1"]
[White "Nguyen,Alex Dac-Vuong"]
[Black "Sieber,Fiona"]
[Result "0-1"]
[WhiteElo "2051"]
[BlackElo "2332"]
[EventType "k.o."]

1.e4 c5 2.c3 Nf6 3.e5 Nd5 4.d4 cxd4 5.Nf3 e6 6.cxd4 d6 7.Bc4 Nc6 8.O-O Be7
9.Qe2 O-O 10.Nc3 Nxc3 11.bxc3 dxe5 12.dxe5 Qa5 13.Bd2 Bd7 14.Qe4 Qa4 15.Bg5
Rfc8 16.Rfd1 Be8 17.Re1 Rc7 18.Qh4 h6 19.Bxe7 Nxe7 20.Re4 Qc2 21.Rae1 Qxc3
22.Bb3 Rac8 23.Nd4 Qd2 24.Nf3 Qa5 25.Qg4 Bc6 26.R4e2 Bd5 27.Nd4 Rc1 28.Bd1
Bxa2 29.f4 Rd8 30.f5 exf5 31.Qh4 Qc5 32.Rd2 Rc4 33.e6 Rcxd4 34.exf7+ Bxf7 {#R}
0-1

[Event "TCh-BLR 2017"]
[Site "Minsk BLR"]
[Date "2017.05.09"]
[Round "2.1"]
[White "Kaliadzich,M"]
[Black "Filipets,Egor"]
[Result "0-1"]
[WhiteElo "2052"]
[BlackElo "2328"]

1.d4 Nf6 2.Nf3 g6 3.Bf4 Bg7 4.e3 O-O 5.Be2 c5 6.Nbd2 cxd4 7.exd4 Nh5 8.Be5 f6
9.g4 fxe5 10.gxh5 e4 11.Nxe4 Qa5+ 12.c3 Qxh5 13.Qb3+ e6 14.Nfg5 Qh4 15.d5 Kh8
16.dxe6 dxe6 17.Rg1 Nc6 18.Rg3 h6 19.Nd6 hxg5 20.Bg4 Bh6 21.O-O-O Ne5 22.Bxe6
g4+ 23.Kb1 Bxe6 24.Qxe6 Qf6 25.Qd5 Rad8 26.Rgg1 Rd7 27.Rge1 Rfd8 28.Qxe5 Qxe5
29.Rxe5 Rxd6 30.Rxd6 Rxd6 31.Re8+ Kg7 32.Re7+ Kf6 33.Rxb7 Rd1+ 34.Kc2 Rf1
35.c4 Rxf2+ 36.Kd3 Rxh2 37.Ke4 Re2+ 38.Kd4 g3 39.Rb3 g2 40.Rf3+ Bf4 41.Rxf4+
{#R} 0-1

[Event "16th Asian Continental w"]
[Site "Chengdu CHN"]
[Date "2017.05.13"]
[Round "2.12"]
[White "Zhang,Lanlin"]
[Black "Frayna,Janelle Mae"]
[Result "1-0"]
[WhiteElo "2067"]
[BlackElo "2287"]

1.e4 d6 2.d4 Nf6 3.Nc3 g6 4.Be2 Bg7 5.Nf3 O-O 6.O-O c6 7.a4 Qc7 8.h3 e5 9.d5
cxd5 10.exd5 Bf5 11.Nb5 Qd8 12.c4 Ne4 13.Be3 a6 14.Na3 Bc8 15.Nd2 Nxd2 16.Qxd2
Nd7 17.Kh1 f5 18.f3 Qe7 19.Rae1 Nf6 20.c5 Nh5 21.Bf2 dxc5 22.d6 Qf7 23.Nc4 Be6
24.Nb6 Rad8 25.Kh2 f4 26.Bxc5 Ng3 27.d7 e4 28.Rg1 e3 29.Qd3 Bxb2 30.Bxf8 Qxf8
31.Qc2 Bd4 32.Bc4 Bf7 33.Nd5 Rxd7 34.Rd1 e2 35.Rxd4 Nf1+ {#r} 1-0

[Event "16th Asian Continental w"]
[Site "Chengdu CHN"]
[Date "2017.05.12"]
[Round "1.10"]
[White "Anu,B"]
[Black "Gomes,Mary"]
[Result "0-1"]
[WhiteElo "2067"]
[BlackElo "2318"]

1.d4 f5 2.c4 Nf6 3.Nf3 d6 4.Nc3 g6 5.g3 Bg7 6.Bg2 O-O 7.O-O Qe8 8.b4 h6 9.Bb2
g5 10.c5 f4 11.d5 fxg3 12.fxg3 Na6 13.Qb3 Kh8 14.cxd6 exd6 15.e4 c5 16.dxc6
bxc6 17.Nd4 Rb8 18.a3 Ng4 19.Rxf8+ Qxf8 20.Nf3 Nc5 21.Qc2 Ne3 22.Qe2 Nxg2
23.bxc5 Rxb2 24.Qxb2 Qxf3 25.Qxg2 Qxc3 26.Rb1 Qxc5+ 27.Kh1 Be6 28.h4 g4 29.a4
d5 30.Qd2 dxe4 31.Qf4 e3 32.Qe4 Bd5 33.Rb8+ Bf8 {#R} 0-1

[Event "Zahoracky IM 2017"]
[Site "Senica SVK"]
[Date "2017.05.10"]
[Round "3.2"]
[White "Brhel,J"]
[Black "Hausner,I"]
[Result "1-0"]
[WhiteElo "2070"]
[BlackElo "2377"]

1.d4 d6 2.Nf3 Bg4 3.e4 Nf6 4.Nc3 e6 5.Be3 d5 6.exd5 exd5 7.Be2 Bxf3 8.Bxf3 Be7
9.Ne2 O-O 10.Ng3 g6 11.h4 Re8 12.Qd3 c5 13.O-O-O c4 14.Qe2 Nc6 15.h5 Qa5
16.hxg6 hxg6 17.c3 Qxa2 18.Qc2 Na5 19.Kd2 Bd6 20.Rh6 Kg7 21.Nf5+ gxf5 22.Qxf5
Qxb2+ 23.Ke1 Rxe3+ 24.Kf1 Re6 25.Qg5+ Kf8 26.Rxf6 Rae8 27.Bh5 R8e7 28.Qh6+ Ke8
29.Rxe6 {#r} 1-0

[Event "16th Asian Continental w"]
[Site "Chengdu CHN"]
[Date "2017.05.12"]
[Round "1.8"]
[White "Tan,Li Ting"]
[Black "Vo Thi Kim Phung"]
[Result "0-1"]
[WhiteElo "2091"]
[BlackElo "2323"]

1.d4 c5 2.d5 d6 3.c4 b5 4.cxb5 a6 5.b6 Qxb6 6.Nc3 Nf6 7.Nf3 g6 8.g3 Bg7 9.Bg2
O-O 10.O-O a5 11.Re1 Nbd7 12.Qc2 Ba6 13.Rb1 Qb7 14.Rd1 Nb6 15.e4 Nfd7 16.b3
Rfc8 17.Be3 Qc7 18.Bf1 Bxf1 19.Rxf1 Ne5 20.Nxe5 Bxe5 21.Nb5 Qd7 22.a4 Bg7
23.Qe2 Rf8 24.Kg2 f5 25.f3 Rf7 26.Rbd1 Qb7 27.Na3 Nd7 28.Nb5 Nf6 29.Bd2 Ne8
30.Rde1 Be5 31.Rc1 Nc7 32.Nxc7 Qxc7 33.Qb5 Rff8 34.Rb1 Rfb8 35.Qd3 Rf8 36.Bh6
Rf7 37.Bd2 Qb6 38.Qc4 Bd4 39.Rbe1 Rb8 40.Rb1 fxe4 41.fxe4 Rxf1 42.Rxf1 Qxb3
43.Qxb3 Rxb3 44.Bxa5 Rb2+ 45.Kh1 Ra2 46.Bd8 Bf6 47.a5 Kf7 48.Rb1 c4 49.Bb6 c3
50.Rc1 Ke8 51.Kg1 Kd7 52.h3 Kc8 53.Bf2 Rxa5 54.Be1 Rc5 55.Rc2 Rc4 {#R} 0-1

[Event "TCh-BLR 2017"]
[Site "Minsk BLR"]
[Date "2017.05.11"]
[Round "4.2"]
[White "Elkin,L"]
[Black "Zaiatz,E"]
[Result "0-1"]
[WhiteElo "2099"]
[BlackElo "2313"]

1.e4 e5 2.Nf3 Nc6 3.Bb5 a6 4.Ba4 Nf6 5.O-O Be7 6.Re1 b5 7.Bb3 d6 8.c3 O-O 9.h3
Bb7 10.d4 Nd7 11.Nbd2 exd4 12.cxd4 Bf6 13.Nf1 Na5 14.Bc2 Re8 15.Bf4 c5 16.Bxd6
cxd4 17.Nxd4 Nc4 18.Nf5 Bxb2 19.Qg4 Nxd6 20.Nxd6 Ne5 21.Nxb7 Qc7 22.Qe2 Bxa1
23.Rxa1 Qxb7 24.Ne3 Rac8 25.Nd5 Qc6 26.Bb3 Nc4 27.Re1 Qc5 28.Qg4 Rc6 29.Rd1
Rce6 30.Qg3 Nd6 31.e5 Ne4 {#R} 0-1

[Event "TCh-BLR 2017"]
[Site "Minsk BLR"]
[Date "2017.05.10"]
[Round "3.2"]
[White "Elkin,L"]
[Black "Kolesnik,E"]
[Result "0-1"]
[WhiteElo "2099"]
[BlackElo "2276"]

1.d4 d5 2.c4 c6 3.Nf3 Nf6 4.e3 Bf5 5.Nc3 e6 6.Nh4 Be4 7.f3 Bg6 8.Qb3 Qb6
9.Nxg6 hxg6 10.Bd2 Nbd7 11.Qc2 Rc8 12.c5 Qc7 13.f4 g5 14.Be2 gxf4 15.exf4 g6
16.O-O Bg7 17.g3 Ke7 18.f5 gxf5 19.Bf4 Qd8 20.Bd6+ Ke8 21.Qb3 b6 22.Ba6 Ng4
23.Rad1 Rxh2 24.Bf4 bxc5 25.Bxc8 Qxc8 26.dxc5 Nxc5 27.Qa3 Bf8 28.Qxa7 Qb7
29.Qxb7 Nxb7 30.Na4 Nc5 31.Nc3 Ne4 32.Nxe4 fxe4 33.Rc1 Kd7 34.Be3 f5 35.a4
Rxb2 36.Bd4 Rb4 37.Bc5 Bxc5+ 38.Rxc5 Rxa4 39.Rfc1 Ne5 {#R} 0-1

[Event "TCh-BLR 2017"]
[Site "Minsk BLR"]
[Date "2017.05.11"]
[Round "4.1"]
[White "Cherepov,A"]
[Black "Filipets,Egor"]
[Result "0-1"]
[WhiteElo "2109"]
[BlackElo "2328"]

1.d4 Nf6 2.c4 g6 3.Nc3 Bg7 4.e4 d6 5.Be2 O-O 6.Bg5 Nbd7 7.Qd2 e5 8.Nf3 Re8
9.O-O exd4 10.Nxd4 Nc5 11.Qf4 h6 12.Bxh6 Nfxe4 13.Bxg7 Kxg7 14.Nxe4 Rxe4
15.Qd2 Qf6 16.Rad1 Bd7 17.Bf3 Rf4 18.Rfe1 Rh8 19.b4 Rfh4 20.g3 Rxh2 21.bxc5
dxc5 22.Bg2 cxd4 23.Qxd4 Rxg2+ 24.Kxg2 Bc6+ 25.Kf1 Bf3 {#R} 0-1

[Event "TCh-BLR 2017"]
[Site "Minsk BLR"]
[Date "2017.05.11"]
[Round "4.2"]
[White "Ulasevich,S"]
[Black "Tihonov,J"]
[Result "0-1"]
[WhiteElo "2125"]
[BlackElo "2402"]

1.e4 c5 2.Nf3 Nc6 3.d4 cxd4 4.Nxd4 g6 5.c4 Nf6 6.Nc3 d6 7.Be2 Bg7 8.Be3 O-O
9.O-O Bd7 10.Qd2 Nxd4 11.Bxd4 Bc6 12.f3 Nd7 13.Be3 a5 14.Rac1 Nc5 15.Rfd1 Qb6
16.Rc2 Rfc8 17.Bf1 Qb4 18.Be2 a4 19.Nd5 Qxd2 20.Rdxd2 Bxd5 21.cxd5 a3 22.bxa3
Rxa3 23.Rd3 Ra5 24.Rd1 Rca8 25.Bc4 b5 26.Bb3 Nxb3 27.axb3 Ra3 28.Rdc1 f5
29.exf5 gxf5 30.Rb1 Kf7 31.Rcc1 Ra2 32.Re1 Bc3 33.Red1 Re2 34.Bd4 b4 35.Rd3
Raa2 36.Bxc3 bxc3 37.Rxc3 Rxg2+ 38.Kh1 Rxh2+ 39.Kg1 h5 40.Rc4 h4 {#R} 0-1

[Event "16th Asian Continental w"]
[Site "Chengdu CHN"]
[Date "2017.05.14"]
[Round "3.9"]
[White "Ning,Kaiyu"]
[Black "Padmini,R"]
[Result "0-1"]
[WhiteElo "2134"]
[BlackElo "2380"]

1.d4 Nf6 2.c4 e6 3.Nf3 d5 4.Nc3 c5 5.cxd5 Nxd5 6.e4 Nxc3 7.bxc3 cxd4 8.cxd4
Bb4+ 9.Bd2 Bxd2+ 10.Qxd2 O-O 11.Bc4 Nd7 12.O-O b6 13.Qe2 Bb7 14.Nd2 Rc8 15.Nb3
Bxe4 16.Ba6 Bd5 17.Bxc8 Qxc8 18.Rac1 Qb7 19.f3 Nb8 20.Rc3 Rc8 21.Rxc8+ Qxc8
22.Rc1 Qd7 23.Kh1 h6 24.Qb2 Nc6 25.Nd2 Ne7 26.Nc4 Nf5 27.Ne5 Qa4 28.Rc8+ Kh7
29.Qc1 f6 30.Nf7 Qxd4 31.Rc7 a5 32.Rd7 Qa4 33.Rd8 Qxa2 34.h3 Qc4 35.Qe1 a4
36.Rh8+ Kg6 37.Nd6 Nxd6 38.Qg3+ Kf5 39.Qxg7 Qc1+ 40.Kh2 Ke5 41.Rxh6 Qf4+
42.Kg1 Bxf3 43.gxf3 Qg5+ {#R} 0-1

[Event "16th Asian Continental w"]
[Site "Chengdu CHN"]
[Date "2017.05.12"]
[Round "1.6"]
[White "Ning,Kaiyu"]
[Black "Soumya,Sw"]
[Result "0-1"]
[WhiteElo "2134"]
[BlackElo "2359"]

1.d4 d5 2.c4 c6 3.Nf3 Nf6 4.Nbd2 Bf5 5.e3 e6 6.Nh4 Bg4 7.Qb3 Qc7 8.h3 Bh5 9.g4
Bg6 10.Nxg6 hxg6 11.Bg2 Nbd7 12.g5 Nh5 13.O-O Be7 14.e4 Nf4 15.exd5 cxd5
16.cxd5 exd5 17.Re1 Kf8 18.Nf1 Nxg2 19.Kxg2 Nb6 20.Bd2 a5 21.Qb5 Qc8 22.Re3
Nc4 23.Rf3 Nxd2 24.Nxd2 Rh5 25.h4 Qg4+ 26.Kf1 Qxd4 27.Re1 Re8 28.Rd3 Qxh4
29.Ree3 Qg4 30.Rg3 Qf5 31.Rdf3 Qc2 32.Kg2 Qxd2 33.Qd7 Qe1 34.Rh3 Qe4 35.Kf1
Bf6 36.Re3 Qb1+ 37.Kg2 Rxe3 38.fxe3 Qxb2+ {#R} 0-1

[Event "Zahoracky IM 2017"]
[Site "Senica SVK"]
[Date "2017.05.11"]
[Round "5.2"]
[White "Starek,Stanislav"]
[Black "Kostolansky,Sebastian Lukas"]
[Result "0-1"]
[WhiteElo "2142"]
[BlackElo "2154"]

1.e4 e6 2.d4 d5 3.Nd2 c5 4.exd5 exd5 5.Ngf3 Nc6 6.Bb5 Bd6 7.dxc5 Bxc5 8.Nb3
Bb6 9.O-O Ne7 10.Re1 O-O 11.h3 Qd6 12.Be3 Bxe3 13.Rxe3 Ng6 14.c3 Nf4 15.Bxc6
bxc6 16.Qd4 Qh6 17.Ne5 Qg5 18.g3 Nxh3+ 19.Kg2 Qf5 20.Rf3 Qe6 21.Nc5 Qd6 22.Ne4
Qc7 23.Nf6+ gxf6 24.Ng4 Bxg4 25.Qxg4+ Ng5 26.Rf5 Qe7 27.f4 Qe4+ 28.Kh2 h5 {#R}
0-1

[Event "Zahoracky IM 2017"]
[Site "Senica SVK"]
[Date "2017.05.10"]
[Round "3.3"]
[White "Starek,Stanislav"]
[Black "Sahidi,Samir"]
[Result "1-0"]
[WhiteElo "2142"]
[BlackElo "2210"]

1.d4 g6 2.c4 Bg7 3.Nf3 Nf6 4.Nc3 O-O 5.g3 d5 6.Bg2 c6 7.O-O dxc4 8.e4 b5 9.Ne5
Nfd7 10.Nxd7 Qxd7 11.e5 Bb7 12.Ne4 Na6 13.f4 Rad8 14.Be3 f5 15.Bh3 c5 16.d5
Bxd5 17.Nxc5 Nxc5 18.Bxc5 Qc7 19.Be3 Be4 20.Qe1 e6 21.Qf2 Rf7 22.Rfc1 Bf8
23.Bf1 Rfd7 24.a4 Rd2 25.Bxd2 Rxd2 26.Bxc4 bxc4 27.Qxd2 Qb6+ 28.Kf1 Bd3+
29.Kg2 Qb7+ 30.Kh3 Qf3 31.Re1 Bc5 32.Qd1 Qd5 33.Rc1 h6 34.Qd2 Be7 35.Qg2 Qd7
36.Qa8+ Kg7 37.Kg2 g5 38.h3 Bc5 39.Qf3 Qd4 40.Kh2 Bb6 41.Rc3 Ba5 42.Qe3 Bxc3
43.bxc3 Qxc3 44.Qxa7+ Kg6 45.Qf2 Qa5 46.Ra1 Be4 47.Qd4 Bd5 48.g4 c3 49.gxf5+
exf5 50.Rc1 Be6 51.Rxc3 Qa6 52.Rd3 gxf4 53.Qd6 {#r} 1-0

[Event "Zahoracky IM 2017"]
[Site "Senica SVK"]
[Date "2017.05.13"]
[Round "8.3"]
[White "Kostolansky,Sebastian Lukas"]
[Black "Gasa,A"]
[Result "1-0"]
[WhiteElo "2154"]
[BlackElo "2286"]

1.e4 c5 2.Nf3 Nf6 3.e5 Nd5 4.d4 cxd4 5.c3 Nc6 6.cxd4 e6 7.Nc3 Nxc3 8.bxc3 d6
9.exd6 Bxd6 10.Bd3 h6 11.O-O O-O 12.Re1 Re8 13.Ne5 Qc7 14.Qe2 Nxe5 15.dxe5 Bf8
16.c4 Bd7 17.Qe4 g6 18.Qh4 Bg7 19.Bxh6 Bxe5 20.Rab1 Bc6 21.Re3 Rad8 22.Rh3 Rd4
23.f4 Bg7 24.Bxg7 Kxg7 25.Qh6+ Kf6 26.Bxg6 fxg6 27.Qh4+ {#r} 1-0

[Event "Zahoracky IM 2017"]
[Site "Senica SVK"]
[Date "2017.05.10"]
[Round "3.1"]
[White "Kostolansky,Sebastian Lukas"]
[Black "Kolesar,Mil"]
[Result "1-0"]
[WhiteElo "2154"]
[BlackElo "2180"]

1.e4 c5 2.Nf3 d6 3.c3 Nf6 4.h3 Nc6 5.Bd3 g6 6.O-O Bg7 7.Bc2 O-O 8.d4 Nd7 9.d5
Na5 10.Qe2 Rb8 11.a4 a6 12.Na3 b5 13.axb5 axb5 14.Nxb5 Qb6 15.Na3 Nb3 16.Nc4
Qc7 17.Ra3 Nxc1 18.Rxc1 Nb6 19.Nfd2 e6 20.dxe6 Bxe6 21.Ne3 Rfe8 22.Bb3 Bxb3
23.Rxb3 h5 24.Ra1 Ra8 25.Rba3 Qb7 26.Qb5 Rab8 27.Ra7 Qc8 28.R1a6 Nd5 29.Qc4
Ne7 30.Rxd6 Rxb2 31.Rdd7 Bf6 32.Nd5 Nxd5 33.Qxd5 Re6 34.Rxf7 Rc2 35.Rxf6 Rc1+
36.Nf1 {#r} 1-0

[Event "Zahoracky IM 2017"]
[Site "Senica SVK"]
[Date "2017.05.10"]
[Round "4.5"]
[White "Kostolansky,Sebastian Lukas"]
[Black "Brhel,J"]
[Result "0-1"]
[WhiteElo "2154"]
[BlackElo "2070"]

1.e4 e6 2.d4 d5 3.Nd2 Nc6 4.Ngf3 Nf6 5.e5 Nd7 6.c3 f6 7.Bb5 Be7 8.exf6 Bxf6
9.Qe2 Qe7 10.O-O O-O 11.Re1 Re8 12.Bxc6 bxc6 13.Ne5 c5 14.Qg4 cxd4 15.cxd4 c5
16.Ndf3 cxd4 17.Bg5 Nxe5 18.Rxe5 Kh8 19.Nxd4 Qf7 20.Bxf6 gxf6 21.Qf3 Qg6
22.Re3 Bd7 23.Rc1 e5 24.Nb3 d4 25.Ree1 Rac8 26.Qb7 Rg8 27.g3 Bh3 28.Rxc8 Rxc8
29.Qxa7 Qf5 30.Nd2 Rc2 31.Qa8+ Kg7 32.Qb7+ Kh6 33.Qf7 Rxd2 34.Qf8+ Kh5 35.Qe8+
Qg6 {#R} 0-1

[Event "16th Asian Continental w"]
[Site "Chengdu CHN"]
[Date "2017.05.14"]
[Round "3.11"]
[White "Kiran,M"]
[Black "Xiao,Yiyi"]
[Result "0-1"]
[WhiteElo "2160"]
[BlackElo "2287"]

1.e4 e5 2.Nf3 Nc6 3.Bc4 Nf6 4.d3 Bc5 5.c3 O-O 6.Nbd2 d6 7.O-O a6 8.Bb3 Ba7
9.Re1 h6 10.h3 Ne7 11.Nf1 Ng6 12.Ng3 Re8 13.d4 b5 14.Nh2 c5 15.Be3 c4 16.Bc2
d5 17.dxe5 Nxe5 18.exd5 Bxe3 19.Rxe3 Qxd5 20.Ne4 Qc6 21.Nxf6+ Qxf6 22.Qd4 Bf5
23.Bxf5 Qxf5 24.Rae1 f6 25.Qd5+ Kh7 26.g4 Qg6 27.Qe4 Red8 28.f4 Qxe4 29.Rxe4
Nd3 30.R1e2 f5 31.gxf5 Rf8 32.Rg2 Rae8 33.Rxe8 Rxe8 34.Nf3 Nxf4 35.Rd2 Nxh3+
36.Kh2 Nf4 37.Kg3 Nd3 38.b3 Re3 39.Kg2 Nf4+ 40.Kg3 Nh5+ 41.Kg4 Nf6+ 42.Kf4
Rxc3 43.bxc4 Rxc4+ 44.Ke5 Re4+ {#R} 0-1

[Event "16th Asian Continental w"]
[Site "Chengdu CHN"]
[Date "2017.05.12"]
[Round "1.4"]
[White "Kiran,M"]
[Black "Padmini,R"]
[Result "1-0"]
[WhiteElo "2160"]
[BlackElo "2380"]

1.e4 e6 2.d4 d5 3.e5 c5 4.c3 Nc6 5.Nf3 Qb6 6.a3 f6 7.Bd3 fxe5 8.dxe5 c4 9.Bc2
g6 10.h4 Bg7 11.h5 Nge7 12.hxg6 hxg6 13.Rxh8+ Bxh8 14.Qe2 Bd7 15.Be3 Qa5
16.Bf4 O-O-O 17.Nbd2 Bg7 18.O-O-O Rh8 19.g4 b5 20.Bg5 Qd8 21.Bxg6 Qf8 22.Bc2
Be8 23.Bh4 Ng6 24.Bg3 Bh6 25.g5 Bg7 26.Qe3 Kb7 27.Nd4 Nxd4 28.Qxd4 Ne7 29.Qc5
Nf5 30.Qxf8 Rxf8 31.Bxf5 Rxf5 32.f4 Rf8 33.Rh1 Bg6 34.Rh2 Kc6 35.Nf3 Kd7
36.Kd2 a6 37.Ke3 Re8 38.Nd4 Bf8 39.f5 exf5 40.Kf4 Bg7 41.Re2 Rh8 42.e6+ Ke8
43.Nc6 Rh1 44.Re1 Rh5 45.Rd1 Bf8 46.Rxd5 Be7 47.Nxe7 Kxe7 {#r} 1-0

[Event "16th Asian Continental w"]
[Site "Chengdu CHN"]
[Date "2017.05.15"]
[Round "4.7"]
[White "Li Xueyi"]
[Black "Hoang Thi Bao Tram"]
[Result "0-1"]
[WhiteElo "2161"]
[BlackElo "2371"]

1.d4 d5 2.c4 c6 3.Nc3 Nf6 4.Nf3 a6 5.c5 g6 6.Bf4 Bg7 7.Qd2 h6 8.h3 Bf5 9.Ne5
g5 10.Bh2 Nfd7 11.e3 Nxe5 12.Bxe5 Bxe5 13.dxe5 Nd7 14.Qd4 e6 15.Be2 Rg8 16.g4
Bh7 17.h4 Rg7 18.hxg5 hxg5 19.Bd3 Bxd3 20.Rh8+ Nf8 21.Qxd3 Qc7 22.Qd4 O-O-O
23.Na4 Ng6 24.Nb6+ Kb8 25.Rxd8+ Qxd8 26.O-O-O Rh7 27.Kb1 Qh8 28.a3 Rh1 29.Rxh1
Qxh1+ 30.Ka2 Qf1 31.e4 Qe2 32.exd5 exd5 33.Qc3 Qxg4 34.e6 d4 35.e7 Qe6+ 36.Qc4
Qxc4+ 37.Nxc4 Nxe7 38.Nd6 f6 39.Kb3 Kc7 40.Ne8+ Kd7 41.Nxf6+ Ke6 42.Ne4 Kd5
43.Nxg5 Kxc5 44.Ne4+ Kd5 45.Nf6+ Ke5 46.Nd7+ Kd6 47.Nf6 b5 48.Kc2 c5 49.Kd3
Nd5 50.Ne4+ Kc6 51.Nd2 a5 52.Ke4 Kd6 53.Kd3 a4 54.Ne4+ Kc6 55.Ng5 Nb6 56.Ne6
Nc4 57.Kc2 Kd6 58.Nf4 Ne5 59.Nh5 c4 60.f4 Ng4 61.Ng3 Kd5 62.Kd2 Nf6 63.Nf5
Ne4+ 64.Kd1 Nf2+ 65.Kc2 Nd3 66.Ne7+ Kd6 67.Nc8+ Kc7 68.Na7 Kb6 69.Nc8+ Kb7
70.Ne7 Nxf4 71.Nf5 Ne6 72.Kd2 Kc6 73.Kc2 Kc5 74.Kd2 Ng5 75.Kc2 Ne4 76.Ng7 Kd5
77.Ne8 d3+ 78.Kd1 c3 79.bxc3 Kc4 80.Nc7 Nxc3+ 81.Kc1 Ne4 82.Ne6 Kc3 {#R} 0-1